| 000 | 01034nam a2200253Ii 4500 | ||
|---|---|---|---|
| 001 | 1105641045 | ||
| 003 | AUA.1 | ||
| 005 | 20251121084923.0 | ||
| 008 | 190625s2019 iduap 000 0 eng d | ||
| 020 | _a9780816365685 | ||
| 020 | _a0816365687 | ||
| 035 | _a(OCoLC)1105641045 | ||
| 040 |
_aEXN _beng _cEXN _dEXN |
||
| 050 |
_aBV4211.3 _b.W377 2019 |
||
| 100 | 1 |
_aWarren, Mervyn A., _eauthor. _935372 |
|
| 245 | 1 | 0 |
_aSharpening and shaping your sermon : _bproclaiming the gospel, sharing the faith / _cMervyn A. Warren and Benjamin F. Reaves. |
| 246 | 0 |
_iAt head of title: _aA call for authentic preaching. |
|
| 260 |
_aNampa, ID : _bPacific Press Publishing; _cc2019. |
||
| 300 |
_a61 pages : _bcolor illustrations, portraits ; _c27 cm. |
||
| 505 | 0 | _aPart 1: Authentic preaching: sharpening substance through sermon content -- Part 2: Authentic preaching: shaping process through sermon design. | |
| 650 | 0 | _aPreaching. | |
| 700 | 1 |
_aReaves, Benjamin F., _eauthor. |
|
| 942 |
_2lcc _cBOOK _hBV 4211.3 _i.W377 2019 |
||
| 999 |
_c25280 _d25280 |
||